000 01088cas a2200277Ka 4500
001 2745698
005 20200421093819.0
008 940920c19489999stkwr ne 0 0eng d
043 _ae-uk-st
245 0 4 _aThe Argyllshire advertiser.
260 _aLochgilphead :
_bArgyllshire Advertiser,
_c1948-
300 _av. :
_bill. ;
_c41-49 cm.
310 _aWeekly
362 0 _aNo. 3158 (Feb. 4, 1948)-
500 _aDescription based on: No. 3169 (28th Apr., 1948).
530 _31948-1950
_aAlso available on 35mm microfilm;
_bNEWSPLAN 2000 Project.
530 _31995-
_aAlso available on 35 mm microfilm;
_bEdinburgh : Scottish Newspapers Microfilming Unit.
651 0 _aArgyllshire (Scotland)
_vNewspapers.
_9539
651 0 _aArgyll and Bute (Scotland)
_vNewspapers.
_9540
710 2 _aNEWSPLAN 2000 Project.
_5StEdNL
_9541
710 2 _aScottish Newspapers Microfilming Unit.
_5StEdNL
_9532
780 0 0 _tArgyllshire advertiser and Lochfyneside echo
856 4 2 _uhttp://www.argyllshireadvertiser.co.uk/
_zArgyllshire advertiser - Online access
942 _2ddc
_cCR
956 _aNLS
999 _c106
_d106